<?xml version="1.0" encoding="UTF-8"?><?xml-stylesheet type="text/xsl" href="static/style.xsl"?><OAI-PMH xmlns="http://www.openarchives.org/OAI/2.0/" xmlns:xsi="http://www.w3.org/2001/XMLSchema-instance" xsi:schemaLocation="http://www.openarchives.org/OAI/2.0/ http://www.openarchives.org/OAI/2.0/OAI-PMH.xsd"><responseDate>2026-04-17T15:07:38Z</responseDate><request verb="GetRecord" identifier="oai:riubu.ubu.es:10259/8450" metadataPrefix="marc">https://riubu.ubu.es/oai/request</request><GetRecord><record><header><identifier>oai:riubu.ubu.es:10259/8450</identifier><datestamp>2024-01-25T01:05:20Z</datestamp><setSpec>com_10259_4665</setSpec><setSpec>com_10259_5086</setSpec><setSpec>com_10259_2604</setSpec><setSpec>col_10259_4666</setSpec></header><metadata><record xmlns="http://www.loc.gov/MARC21/slim" xmlns:doc="http://www.lyncode.com/xoai" xmlns:xsi="http://www.w3.org/2001/XMLSchema-instance" xmlns:dcterms="http://purl.org/dc/terms/" xsi:schemaLocation="http://www.loc.gov/MARC21/slim http://www.loc.gov/standards/marcxml/schema/MARC21slim.xsd">
<leader>00925njm 22002777a 4500</leader>
<datafield tag="042" ind1=" " ind2=" ">
<subfield code="a">dc</subfield>
</datafield>
<datafield tag="720" ind1=" " ind2=" ">
<subfield code="a">Cacciatore, Serena Sabrina Immacolata</subfield>
<subfield code="e">author</subfield>
</datafield>
<datafield tag="260" ind1=" " ind2=" ">
<subfield code="c">2023-06</subfield>
</datafield>
<datafield tag="520" ind1=" " ind2=" ">
<subfield code="a">En este trabajo se analiza la Sentencia del Tribunal de Justicia, Gran Sala, de 18 de abril de 2023&#xd;
(asunto C‐699/21: E.D.L.), que tiene por objeto una petición de decisión prejudicial planteada por la Corte&#xd;
Costituzionale en el procedimiento relativo a la ejecución de una orden de detención europea (en adelante&#xd;
ODE). El enfoque principal de esta sentencia se dirige al examen del riesgo que la salud de la persona&#xd;
buscada corra un peligro manifiesto. En este comentario, se aborda la justificación de la suspensión&#xd;
temporal de la persona buscada y las circunstancias en las que la entrega de dicha persona puede generar&#xd;
un riesgo de trato inhumano o degradante que no pueda ser descartado en un plazo razonable. En caso de&#xd;
presentarse esta última situación, la autoridad encargada de la ejecución de la orden de detención no podrá&#xd;
llevar a cabo dicha ejecución.</subfield>
</datafield>
<datafield tag="520" ind1=" " ind2=" ">
<subfield code="a">This paper analyses the judgment of the Court of Justice, Grand Chamber, of 18 April 2023 (Case&#xd;
C‐699/21: E.D.L.) concerning a reference for a preliminary ruling from the Corte Costituzionale&#xd;
(Constitutional Court, Italy) in proceedings concerning the execution of a European Arrest Warrant. The&#xd;
judgment in question concerns, in particular, the risk that the health of the requested person is manifestly&#xd;
endangered. This commentary addresses the justification for the temporary suspension of the person&#xd;
sought and the circumstances in which the delivery of such person may pose a risk of inhuman or degrading&#xd;
treatment that cannot be excluded within a reasonable period. In the event of the latter situation, the&#xd;
authority responsible for executing the arrest warrant shall not be able to carry out such execution.</subfield>
</datafield>
<datafield tag="024" ind2=" " ind1="8">
<subfield code="a">http://hdl.handle.net/10259/8450</subfield>
</datafield>
<datafield tag="024" ind2=" " ind1="8">
<subfield code="a">2255-551X</subfield>
</datafield>
<datafield ind1=" " ind2=" " tag="653">
<subfield code="a">Orden Europea de Detención y Entrega</subfield>
</datafield>
<datafield ind1=" " ind2=" " tag="653">
<subfield code="a">Cooperación judicial en materia penal</subfield>
</datafield>
<datafield ind1=" " ind2=" " tag="653">
<subfield code="a">Persona enferma</subfield>
</datafield>
<datafield ind1=" " ind2=" " tag="653">
<subfield code="a">Daño grave</subfield>
</datafield>
<datafield ind1=" " ind2=" " tag="653">
<subfield code="a">European Arrest Warrant</subfield>
</datafield>
<datafield ind1=" " ind2=" " tag="653">
<subfield code="a">Judicial cooperation in criminal matters</subfield>
</datafield>
<datafield ind1=" " ind2=" " tag="653">
<subfield code="a">Sick person</subfield>
</datafield>
<datafield ind1=" " ind2=" " tag="653">
<subfield code="a">Serious harm</subfield>
</datafield>
<datafield tag="245" ind1="0" ind2="0">
<subfield code="a">Orden de Detención Europea y motivo para la no ejecución y suspensión basado en la salud del interesado: sentencia del Tribunal de Justicia, Gran Sala, de 18 de abril de 2023, asunto C-699/21: E.D.L</subfield>
</datafield>
</record></metadata></record></GetRecord></OAI-PMH>